000 00274nam a22001217a 4500
020 _a0-7214-1235-1
082 _a823
_bHAT/B
100 _aHATCH, V CONSTANCE
245 _aBATMAN
_bFUNHOUSE OF FEAR
260 _aUK
_bLADYBIRD
650 _aENGLISH SHORT STORY
_zUK
942 _cBK
999 _c4441
_d4441